00271nam a2200121Ia 4500008004100000082001800041100001700059245002500076250000800101260002400109300000800133650000800141191201s2013 xx 000 0 und d a658.0954bPAB aPAUL, Justin 0aBusiness Environment a3rd aN. delhibTMHc2013 a507 aBBA